01073naa#a2200205#i#4500001001600000005001700016011001400033100004100047102000700088200017000095210020500265215001000470608004500480675009400525700005600619700005600675700005200731700005400783856003000837RU\\bibl\12337220260705185516.7##a1994-4683##a20230731b2023####ek#y0rusy0150####ca##aRU1#aАНАЛИЗ ДИНАМИКИ РАЗВИТИЯ ПОЛНОКОНТАКТНЫХ СМЕШАННЫХ ВИДОВ ЕДИНОБОРСТВeЖурнальная статья1#aМоскваcНациональный государственный Университет физической культуры, спорта и здоровья им. П.Ф. Лесгафтаd2023##a4 с.##aЖурнальная статья2local##aПрочие виды единоборства и тяжелой атлетики. 796.89#1aДавиденкоgИван Анатольевич#1aПронинgЕвгений Анатольевич#1aАнисимовgМаксим Петрович#1aГоробецgВладимир Иванович4#auchzapiski.lesgaft.spb.ru